Statistics for Flaggen mit Kreisen

Click here to take the quiz!

General Stats

  • This quiz has been taken 51 times
  • The average score is 20 of 27

Answer Stats

Answer% Correct
Indien
98%
Japan
98%
Portugal
96%
Südkorea
96%
Nordkorea
94%
Tunesien
94%
Argentinien
90%
Bangladesch
90%
Brasilien
90%
Nordmazedonien
86%
Uruguay
86%
Kasachstan
84%
Uganda
82%
Taiwan
78%
Niger
76%
Burundi
69%
Paraguay
69%
Äthiopien
67%
Laos
67%
Kap Verde
59%
Eritrea
55%
Namibia
55%
Palau
53%
Dominica
49%
Grenada
43%
Belize
41%
Kirgisistan
37%

Score Distribution

Percentile by Number Answered

Percent of People with Each Score

Your Score History

You have not taken this quiz